Statistics for Name the Planets Quiz

Click here to take the quiz!

General Stats

  • This quiz has been taken 567,178 times
  • The average score is 8 of 8

Answer Stats

Planet % Correct
Earth
99%
Mars
98%
Saturn
96%
Venus
95%
Jupiter
95%
Uranus
93%
Mercury
90%
Neptune
87%

Score Distribution

Percentile by Number Answered

Percent of People with Each Score

Your Score History

You have not taken this quiz